Holiday Quiz

Random Holiday or Christmas Quiz

Christmas Songs Without Santa Claus Quiz Stats

Quiz Updated Dec 18, 2011

Challenge
Share
Tweet
Embed
Score 0/26 Timer 07:00
3 Plays Today
Santa Claus-free song Song % Correct
I HE MO WODERF IME OF HE YER It's the Most Wonderful Time of the Year
94.8%
JOY O HE WORDJoy to the World
84.1%
WY I MGERAway in a Manger
84.1%
JIGE BE ROKJingle Bell Rock
82.1%
I BEGIIG O OOK O IKE HRIM It's Beginning To Look a Lot Like Christmas
79.7%
O IE OW OF BEHEHEMO Little Town of Bethlehem
79.1%
WIER WODERDWinter Wonderland
78%
EIGH RIDESleigh Ride
77.5%
I W MOMMY KIIG I Saw Mommy Kissing Santa Claus
76.7%
WHIE HRIMWhite Christmas
76.1%
HRK HE HERD GE IGHark! The Herald Angels Sing
74.4%
O HOY IGHO Holy Night
72.2%
FEIZ VIDDFeliz Navidad
72.1%
Santa Claus-free song Song % Correct
HE WEVE DY OF HRIMThe Twelve Days of Christmas
64.4%
GE WE HVE HERD O HIGHAngels We Have Heard On High
64.2%
I ME PO MIDIGH ERIt Came Upon a Midnight Clear
57.1%
O OME O OME EMMEO Come, O Come, Emmanuel
53.9%
DO HEY KOW I HRIMDo They Know It's Christmas
52.1%
HE HOY D HE IVY The Holly and the Ivy
47.9%
HERE O PE IKE HOME FOR HE HOIDY(There's No Place Like) Home for the Holidays
45.7%
I W HREE HIPI Saw Three Ships
45.6%
WHIE HEPHERD WHED HEIR FOK While Shepherds Watched Their Flocks
45.6%
GOOD KIG WEEGood King Wenceslas
39.9%
FROY HE OWM Frosty the Snowman
31.8%
RO OF HE BECarol of the Bells
23.8%
DEE FIDEEAdeste Fideles
19.4%

You're not logged in!

Compare scores with friends on all Sporcle quizzes.
Sign Up with Email
OR
Log In

You Might Also Like...

Show Comments

Extras

Top Quizzes Today


Score Distribution

Your Account Isn't Verified!

In order to create a playlist on Sporcle, you need to verify the email address you used during registration. Go to your Sporcle Settings to finish the process.